Normal view
MARC view
- Supervisor: Dr. Muhammad Imran Malik
Entry Personal Name
001 - CONTROL NUMBER
- control field: 96855
003 - CONTROL NUMBER IDENTIFIER
- control field: NUST
005 - DATE AND TIME OF LATEST TRANSACTION
- control field: 20220811124807.0
008 - FIXED-LENGTH DATA ELEMENTS
- fixed length control field: 220811|| aca||aabn | a|a d
040 ## - CATALOGING SOURCE
- Original cataloging agency: NUST
- Transcribing agency: NUST
100 ## - HEADING--PERSONAL NAME
- Personal name: Supervisor: Dr. Muhammad Imran Malik
670 ## - SOURCE DATA FOUND
- Source citation: Work cat.: (NUST): Ahmed, Ali 34806, Landmine Detection Using Electromagnetic Spectral Signatures /
